02094cam a22003378i 450000100090000000300040000900500170001300800410003001000170007102000300008802000310011802000270014904000230017604200080019904300120020705000250021908200220024410000260026624500570029226300090034926400830035830000140044133600260045533700280048133800270050950400510053652008820058765000450146965100520151477601900156622934961OSt20230921103827.0230120s2023 enk b 001 0 eng  a 2023002895 a9781009350655q(hardback) a9781009350648q(paperback) z9781009350617q(ebook) aDLCbengerdacDLC apcc aa-ii---00aQ175.52.I4bK86 202300a306.450954bKUM/S1 aKumar, Deepak,d1952-10aScience and society in modern India /cDeepak Kumar. a2304 1aCambridge, United Kingdom ; New York, NY :bCambridge University Press,c2023. a168 pages atextbtxt2rdacontent aunmediatedbn2rdamedia avolumebnc2rdacarrier aIncludes bibliographical references and index. a"The book delineates the role and place of the Western scientific discourse that occupied an important place in the colonization of India. During the colonial period, science became one of the foundations of Indian modernity and the nation state. Gradually, the educated Indians sought to locate modern scientific ideas and principles within Indian culture and adopted those for the economic regeneration of the country. The discursive terrain of the history of science, especially in the context of a society with a very long and complex past, is bound to be replete with numerous debates on its nature and evolution, its changing contours, its complex civilizational journey, and, finally, the enormous impact it has on our own life and time. The book offers a useful introduction to science, society, and government interface in the Indian context"--cProvided by publisher. 0aSciencexSocial aspectszIndiaxHistory. 0aIndiaxHistoryxBritish occupation,y1765-1947.08iOnline version:aKumar, Deepak, 1952-.tScience and society in modern IndiadCambridge, United Kingdom ; New York, NY : Cambridge University Press, 2023z9781009350617w(DLC) 2023002896